Statistiche per Goleador di Champions League

Clicka qui per fare il quiz!

Statistiche generali

  • Questo quiz è stato fatto 495 volte
  • Il punteggio medio è 12 su 21

Statistiche sulle risposte

GolGiocatoreNazionalitàSquadre% Corretto
97MessiArgentinaBarcellona
99%
115Cristiano RonaldoPortogalloSporting Lisbona - Manchester United - Real Madrid
98%
49IbrahimovicSveziaAjax, Juventus, Inter, Barcellona, Milan, PSG, Manchester United
88%
53BenzemaFranciaLione, Real Madrid
85%
44Del PieroItaliaJuventus
85%
50InzaghiItaliaJuventus, Milan
79%
44DrogbaCosta d'AvorioOlympique Marsiglia, Chelsea, Galatasaray
78%
59ShevchenkoUcrainaDinamo Kiev, Milan
78%
51HenryFranciaMonaco, Arsenal, Barcellona
76%
71RaulSpagnaReal Madrid, Schalke 04
76%
33AgueroArgentinaAtletico Madrid, Manchester City
67%
47EusebioPortogalloBenfica
58%
32TrezeguetFranciaMonaco, Juventus
54%
49Di StefanoArgentina, SpagnaReal Madrid
53%
35PuskasUngheria, SpagnaHonved, Real Madrid
53%
34Gerd MullerGermaniaBayern Monaco
24%
40Thomas MullerGermaniaBayern Monaco
22%
39MorientesSpagnaReal Madrid, Monaco, Liverpool, Valencia
20%
60Van NistelrooijOlandaPSV, Manchester United, Real Madrid
14%
32GentoSpangaReal Madrid
9%
44LewandoswkiPoloniaBorussia Dortmund, Bayern Monaco
7%

Distribuzione punteggi

Percentile per numero di risposta

Percentuale di utenti per punteggio

I tuoi punteggi nel tempo

Non hai fatto questo quiz